LEADER 01292nam a2200301 u 4500 001 000000107431 003 CaOOAMICUS 005 20071008143440.0 008 071008s2007 it u000 u pol u 020 $z978-88-452-5817-6* 040 $aPUL$bita$dLDB 100 1 $aScola, Angelo,$carciv. emerito di Milano.$0(OLS)http://pul/name/13084 245 13$aIl valore dell'uomo /$cAngelo Scola, Giovanni Reale ; con un intervento di Armando Torno. 260 $aMilano :$bBompiani,$c2007. 300 $a170 p. ;$c19 cm. 490 1 $aSaggi tascabili ;$v365 650 14$aLaicato.$0(OLS)http://pul/subject/994 650 14$aUomo (filosofia).$0(OLS)http://pul/subject/436 700 1 $aReale, Giovanni,$d1931-2014.$0(OLS)http://pul/name/667 700 1 $aTorno, Armando,$d1953-$0(OLS)http://pul/name/38255 830 0$aSaggi tascabili (Bompiani) ;$v365.$0(OLS)http://pul/title/47676 850 $aPUL 852 $aPUL$W1$xSL Filosofia 3$y81$m128 SCOAN 1$j122094$qDDC 21$B121082$CPULBib$Z2$F121082 $H104979 $82 941 1 $a9 960 $aFedeli laici$9994 996 $6020$z978-88-452-5817-6*$9(OLS)http://pul/number/135812 996 $6245$aIl valore dell'uomo$9(OLS)http://pul/title/135283 996 $6260$aMilano :$bBompiani$9(OLS)http://pul/publisher/48240 LEADER 01311nam a2200289 u 4500 001 000000030063 003 CaOOAMICUS 005 20070226112003.0 008 970904s1987 it u000 u ita u 035 $a10768458 040 $aPUL(R)$bita 100 1 $aAlonso-Schokel, Luis,$cS.I.,$d1920-1998.$0(OLS)http://pul/name/5079 245 13$aLa parola ispirata :$bLa Bibbia alla luce della scienza del linguaggio /$cLuis Alonso Schökel ; [Traduzione italiana di Luigi Previale]. 250 $a2. ed. riv. e augm. 260 $aBrescia :$bPaideia,$c[c1987] 300 $a433 p. ;$c21 cm 490 1 $aBiblioteca di cultura religiosa ;$v7 630 04$aBiblia.$lItaliano$xIspirazione.$0(OLS)http://pul/subject/14462 700 1 $aPreviale, Luigi.$0(OLS)http://pul/name/24288 830 0$aBiblioteca di cultura religiosa (Paideia) ;$v7.$0(OLS)http://pul/title/98 850 $aPUL 852 $aPUL$W1$xSL Religione 1$y3$m1 A 50$j8401$nBK-PRI$b $qStampati$B41557$CPULBib$Z2$F41557 $H $81 900 $aSchökel, Luis Alonso,$cS.I.,$d1920-1998$95079 941 1 $a8 961 $aINV: 65274 996 $6245$aLa parola ispirata :$bLa Bibbia alla luce della scienza del linguaggio$9(OLS)http://pul/title/32760 996 $6260$aBrescia :$bPaideia$9(OLS)http://pul/publisher/47884